The role of real estate research in policy formulation [

Bibliographic Details
Format: Book
Published: Bangi : Inspen , 2004
Subjects:

MARC

LEADER 00000cam a2200000 7i4500
001 0000018017
005 20061204.0
040 |a INS 
090 0 0 |a HD1387 2004 
245 0 4 |a The role of real estate research in policy formulation [  |h video recording] 
260 |a Bangi :   |b Inspen ,   |c 2004 
300 |a 1 Video cassette (VHS) (1:45) :   |b sd., col. ;   |c 1/2 in. 
650 0 0 |a Real estate business 
999 |a VHS1113   |b VIDEO   |c Media Collection   |e Default branch